| 000 | 01123nam a22002537a 4500 | ||
|---|---|---|---|
| 003 | OSt | ||
| 005 | 20211202030129.0 | ||
| 008 | 170405b xxu||||| |||| 00| 0 eng d | ||
| 020 | _a1591452805 | ||
| 040 |
_aMMU _cMMU _dMMU _beng. |
||
| 050 | 0 | 0 | _aBT738.27.C43 2005 |
| 100 | 1 | _aChapman, Steven Curtis. | |
| 245 | 1 | 0 |
_aRestoring broken things : _bwhat happens when we catch a vision for the new world Jesus is creating / _cSteven Curtis Chapman, Scotty Smith. |
| 260 |
_aNashville, Tenn.: _bIntegrity Publishers, _cc2005. |
||
| 300 |
_axvii, 254 p. ; _c21cm. |
||
| 504 | _aIncludes bibliographical references (p. 253-254). | ||
| 520 | _a"Practical implications of Jesus' commitment to make all things new and the part we are to play with Him in this redemptive process"--Provided by publisher. | ||
| 650 | 0 |
_aRedemption _xChristianity. |
|
| 650 | 0 | _aChristian life. | |
| 700 | 1 |
_aSmith, Scotty, _d1950- |
|
| 856 | 4 | 1 |
_3Table of contents _uhttp://www.loc.gov/catdir/toc/ecip0510/2005008311.html |
| 856 | 4 | 2 |
_3Publisher description _uhttp://www.loc.gov/catdir/enhancements/fy0708/2005008311-d.html |
| 942 |
_2lcc _cLOAN LOAN |
||
| 999 |
_c27002 _d27002 |
||